Vampires don't wear Polka dots / (Record no. 6249)

MARC details
000 -LEADER
fixed length control field 01353nam a22003137a 4500
001 - CONTROL NUMBER
control field 6249
003 - CONTROL NUMBER IDENTIFIER
control field FISKH
005 - DATE AND TIME OF LATEST TRANSACTION
control field 20250407083142.0
008 - FIXED-LENGTH DATA ELEMENTS--GENERAL INFORMATION
fixed length control field 250407b cb ||||| |||| 00| 0 eng d
020 ## - INTERNATIONAL STANDARD BOOK NUMBER
International Standard Book Number 9780590434119
040 ## - CATALOGING SOURCE
Original cataloging agency FISKH
Language of cataloging eng
Transcribing agency FISKH
Modifying agency FISKH
050 ## - LIBRARY OF CONGRESS CALL NUMBER
Classification number PZ7.D128 V
082 ## - DEWEY DECIMAL CLASSIFICATION NUMBER
Classification number 813
100 ## - MAIN ENTRY--PERSONAL NAME
Personal name Dadey, Debbie
Dates associated with a name (1959-)
245 ## - TITLE STATEMENT
Title Vampires don't wear Polka dots /
Statement of responsibility, etc. By Debbie Dadey and Marcia Jones ; Illustrated by John Steven Gurney
250 ## - EDITION STATEMENT
Edition statement This edition first published in 1990
260 ## - PUBLICATION, DISTRIBUTION, ETC.
Place of publication, distribution, etc. New York :
Name of publisher, distributor, etc. Scholastic,
Date of publication, distribution, etc. 1990
300 ## - PHYSICAL DESCRIPTION
Extent 78 pages :
Other physical details illustrations ;
Dimensions 20 cm
490 ## - SERIES STATEMENT
Series statement The Bauley school kids ;
Volume/sequential designation Level 1
505 ## - FORMATTED CONTENTS NOTE
Formatted contents note N<br/>
520 ## - SUMMARY, ETC.
Summary, etc. The kids in the third grade at Bailey Elementary are so hard to handle that all of their teachers have quit. But their new teacher, Mrs. Jeepers, is different to say the least. She's just moved from the Transylvanian Alps and she seems to have some strange powers that help her deal with these mischief-makers. Her methods may be a little unconventional, but, then again, Mrs. Jeepers may be just what the Bailey School kids need.<br/>
521 8# - TARGET AUDIENCE NOTE
Target audience note 540<br/>
Source Lexile<br/>
521 8# - TARGET AUDIENCE NOTE
Target audience note N<br/>
Source Raz-Plus<br/>
650 ## - SUBJECT ADDED ENTRY--TOPICAL TERM
Source of heading or term School
Topical term or geographic name entry element Fiction
Form subdivision Series
650 ## - SUBJECT ADDED ENTRY--TOPICAL TERM
Source of heading or term Mystery
Topical term or geographic name entry element Children
700 ## - ADDED ENTRY--PERSONAL NAME
Personal name Gurney, Steven John
Dates associated with a name illustrator
942 ## - ADDED ENTRY ELEMENTS (KOHA)
Source of classification or shelving scheme Dewey Decimal Classification
Koha item type Books
Suppress in OPAC No
Holdings
Withdrawn status Lost status Source of classification or shelving scheme Damaged status Not for loan Collection Home library Current library Shelving location Date acquired Total Checkouts Full call number Barcode Date last seen Copy number Price effective from Koha item type
    Dewey Decimal Classification     Juvenile Fiction Footprints International School Library Network Toul Tom Poung Campus Footprints International School Library Network Toul Tom Poung Campus TTP Primary Yellow Bookshelves 04/07/2025   DAD 813 PZ7.D128 V 2025-0978 04/07/2025 1 04/07/2025 Books